El valor en la concurrencia, v. 3 /
Guardado en:
| Autor Principal: | |
|---|---|
| Formato: | Libro |
| Publicado: |
Rosario :
Imprenta Amalevi,
2004
|
| Materias: | |
| Etiquetas: |
Agregar Etiqueta
Sin Etiquetas, Sea el primero en etiquetar este registro!
|
| LEADER | 00589nam a22001935a 4500 | ||
|---|---|---|---|
| 001 | EHU.bham041721 | ||
| 003 | AR-BHAM | ||
| 005 | 20120907134230.0 | ||
| 008 | 130507s2004##################000#0#####d | ||
| 020 | |a 9872061912 | ||
| 082 | 3 | 3 | |a 335.4 |
| 100 | 1 | |a Ciafardini, Horacio | |
| 245 | 1 | 0 | |a El valor en la concurrencia, v. 3 / |c Horacio Ciafardini |
| 260 | |a Rosario : |b Imprenta Amalevi, |c 2004 | ||
| 300 | |a 254 p. | ||
| 653 | |a Política argentina contemporánea | ||
| 653 | |a Economía argentina | ||
| 653 | |a Marxismo | ||
| 859 | |a AR-BHAM |b BIB. HUMANIDADES - General |h 335.4 |i C48-1 |p 39.10 |t Ej.1 |v III |3 III | ||
